Sarida
Saved in:
| Main Author: | |
|---|---|
| Format: | Book |
| Published: |
SelangorlbK Publishing Distributerlc1992
|
| Tags: |
Add Tag
No Tags, Be the first to tag this record!
|
| Call Number : | FM1 ARE 1992 |
MARC
| LEADER | 00000pam a2200000 4500 | ||
|---|---|---|---|
| 001 | 14304 | ||
| 003 | MY-KLNDU | ||
| 005 | 20241218060035.0 | ||
| 020 | 0 | 0 | |a 9838521418 |
| 035 | |a 0000006691 | ||
| 039 | 9 | |y 200910081623 |z VLOAD | |
| 090 | 0 | 0 | |a FM1 |b ARE 1992 |
| 100 | 1 | 0 | |a Arenawati lh |
| 245 | 1 | 4 | |a Sarida |c Arenawati |
| 260 | 0 | 0 | |a SelangorlbK Publishing Distributerlc1992 |
| 300 | |a 148p. |c 17cm | ||
| 999 | |a vtls000014317 |c 14304 |d 14304 | ||


